SS. AA. RR. las infantas doña Beatriz y doña María Cristina durante la Junta General celebrada por la Sección Madrileña de la Federación Ibérica de Sociedades Protectoras de Animales y Plantas : (Record no. 193737)

MARC details
000 -LEADER
campo de control de longitud fija 01526nab a2200301 i 4500
001 - NÚMERO DE CONTROL
campo de control 193737
003 - IDENTIFICADOR DE NÚMERO DE CONTROL
campo de control ES-MaACL
005 - FECHA Y HORA DE LA ÚLTIMA TRANSACCIÓN
campo de control 20250811063211.0
007 - CAMPO FIJO DE DESCRIPCIÓN FÍSICA--INFORMACIÓN GENERAL
campo de control de longitud fija t|
008 - DATOS DE LONGITUD FIJA--INFORMACIÓN GENERAL
campo de control de longitud fija 240207s1927 sp ||||1| spa d
040 ## - FUENTE DE CATALOGACIÓN
Centro catalogador/agencia de origen ES-MaACL
Lengua de catalogación spa
Centro/agencia transcriptor ES-MaACL
245 00 - MENCIÓN DEL TÍTULO
Título SS. AA. RR. las infantas doña Beatriz y doña María Cristina durante la Junta General celebrada por la Sección Madrileña de la Federación Ibérica de Sociedades Protectoras de Animales y Plantas :
Resto del título en el salón de actos del Ateneo /
Mención de responsabilidad, etc. foto, V. Muro
246 1# - FORMA VARIANTE DEL TITULO
Título propio/Titulo breve Federación Ibérica de Sociedades Protectoras de Animales y Plantas
260 ## - PUBLICACIÓN, DISTRIBUCIÓN, ETC.
Lugar de publicación, distribución, etc. [Madrid :
Nombre del editor, distribuidor, etc. Blanco y Negro,
Fecha de publicación, distribución, etc. 1927]
300 ## - DESCRIPCIÓN FÍSICA
Extensión 1 página :
Otras características físicas 1 ilustración ;
Dimensiones 30 cm
336 ## - TIPO DE CONTENIDO
Fuente rdacontent
Término de tipo de contenido texto
337 ## - TIPO DE MEDIO
Fuente rdamedia
Nombre/término del tipo de medio sin mediación
338 ## - TIPO DE SOPORTE
Fuente rdacarrier
Nombre/término del tipo de soporte volumen
500 ## - NOTA GENERAL
Nota general Fotocopia de la página con la fotografía de un grupo de asistentes a la Junta General celebrada por la Sección Madrileña de la Federación Ibérica de Sociedades Protectoras de Animales y Plantas, en el Ateneo de Madrid, publicada en "Blanco y negro", 15 de mayo de 1927, n. 1878
600 14 - PUNTO DE ACCESO ADICIONAL DE MATERIA--NOMBRE DE PERSONA
Nombre de persona Borbón, Beatriz de,
Títulos y otros términos asociados al nombre Infanta de España,
Fechas asociadas al nombre 1909-2002
9 (RLIN) 241688
600 14 - PUNTO DE ACCESO ADICIONAL DE MATERIA--NOMBRE DE PERSONA
Nombre de persona Borbón, Cristina de,
Títulos y otros términos asociados al nombre Infanta de España,
Fechas asociadas al nombre 1911-1996
9 (RLIN) 241689
610 24 - PUNTO DE ACCESO ADICIONAL DE MATERIA--NOMBRE DE ENTIDAD CORPORATIVA
Nombre de entidad corporativa o nombre de jurisdicción como elemento de entrada Ateneo de Madrid-
Subdivisión de forma Historia
9 (RLIN) 1925
700 1# - ENTRADA AGREGADA--NOMBRE PERSONAL
9 (RLIN) 235169
Nombre de persona Muro, Virgilio,
Fechas asociadas al nombre 1891-1967
Término indicativo de función/relación Fotógrafo
852 4# - LOCALIZACIÓN
Ubicación ES-MaACL
Ubicación en estantería Depósito folletos
Número de control de estantería 2347-F-72
itemnumber 201271
942 ## - ELEMENTOS DE ENTRADA SECUNDARIOS (KOHA)
Fuente del sistema de clasificación o colocación Clasificación decimal universal
Tipo de ítem Koha Artículo de revista
Suprimir en OPAC No
Holdings
Estatus retirado Estado de pérdida Fuente del sistema de clasificación o colocación Estado de daño No para préstamo Colección Biblioteca de origen Biblioteca actual Ubicación en estantería Fecha de adquisición Total de préstamos Signatura topográfica completa Código de barras Visto por última vez Tipo de ítem Koha
    Clasificación decimal universal     Fondo Ateneo de Madrid Biblioteca del Ateneo de Madrid Biblioteca del Ateneo de Madrid Depósito folletos 07/02/2024   2347-F-72 101206736 07/02/2024 Artículo de revista